Arz-e-Musnif (Record no. 479895)

000 -LEADER
fixed length control field 00275nam a22001217a 4500
008 - FIXED-LENGTH DATA ELEMENTS--GENERAL INFORMATION
fixed length control field 151105t xxu||||| |||| 00| 0 eng d
100 ## - MAIN ENTRY--PERSONAL NAME
Personal name Ashfaq Ahmad
9 (RLIN) 1357
240 ## - UNIFORM TITLE
Uniform title arz e munsif
245 ## - TITLE STATEMENT
Title Arz-e-Musnif
246 ## - VARYING FORM OF TITLE
Title proper/short title arze munsif
300 ## - PHYSICAL DESCRIPTION
Extent 250
942 ## - ADDED ENTRY ELEMENTS (KOHA)
Source of classification or shelving scheme
Koha item type Book
Holdings
Withdrawn status Lost status Source of classification or shelving scheme Damaged status Not for loan Collection code Permanent Location Current Location Date acquired Total Checkouts Full call number Barcode Date last seen Price effective from Koha item type Date last checked out
            Atta-ur-Rahman School of Applied Biosciences (ASAB) Atta-ur-Rahman School of Applied Biosciences (ASAB) 11/05/2015   370 Ahm ASAB2377 04/18/2018 11/05/2015 Book  
            Atta-ur-Rahman School of Applied Biosciences (ASAB) Atta-ur-Rahman School of Applied Biosciences (ASAB) 11/05/2015   370 Ahm ASAB2376 02/27/2017 11/05/2015 Book  
            Atta-ur-Rahman School of Applied Biosciences (ASAB) Atta-ur-Rahman School of Applied Biosciences (ASAB) 11/05/2015   370 Ahm ASAB2375 11/05/2015 11/05/2015 Book  
            Atta-ur-Rahman School of Applied Biosciences (ASAB) Atta-ur-Rahman School of Applied Biosciences (ASAB) 11/05/2015   370 Ahm ASAB2374 10/23/2018 11/05/2015 Book  
            Atta-ur-Rahman School of Applied Biosciences (ASAB) Atta-ur-Rahman School of Applied Biosciences (ASAB) 11/05/2015 1 370 Ahm ASAB2373 09/26/2018 11/05/2015 Book 04/11/2018
© 2023 Central Library, National University of Sciences and Technology. All Rights Reserved.